000 01618nam a2200301 i 4500
001 23689
003 ES-MaACL
005 20250911063528.0
007 t|
008 021212s1860 sp |||| | spa d
080 _a94(460)"0711/1492"
080 _a314(460)"04/14"
100 1 _aMuñoz y Romero, Tomás,
_d1814-1867
_984519
245 1 0 _aDiscursos leídos ante la Real Academia de la Historia, en la recepción pública de Don Tomás Muñoz y Romero, el día 5 de febrero de 1860 :
_b[tema: Sobre el origen de la población de los reinos cristianos de la península, el estado de las tierras, la condición social de las clases inferiores, la nobleza y las instituciones generales y locales].
260 _aMadrid :
_b[s.n.],
_c1860 (
_fImp. y Estereotipia de M. Rivadeneyra)
300 _a98 p. ;
_c24 cm.
500 _aRecoge el discurso de Tomás Muñoz y Romero y la contestación de José Amador de los Ríos.
530 _aDisponible en formato digital.
651 4 _aEspaña-
_xHistoria-
_y0711-1492, Reconquista.
_98217
651 4 _aEspaña-
_xPoblación-
_yS.V-XV.
_9153908
700 1 _aAmador de los Ríos, José,
_d1818-1878
_921088
710 2 _aReal Academia de la Historia (España)
_96309
852 4 _aES-MaACL
_jT-54-F-2
_z- Enc. hol., falto de cub. original
_z- Enc. en un vol. facticio
852 4 _aES-MaACL
_jF-M-III-G-H (II)
_z- Enc. pasta española, falto de cub. original
_z- Enc. en un vol. facticio
852 4 _aES-MaACL
_jT-54-F-12
856 4 _uhttp://bdh-rd.bne.es/viewer.vm?id=0000111514&page=1
_zBiblioteca Digital Hispánica
999 _c23689
_d23689